[Event "37th Reykjavik op"]
[Site "Reykjavik ISL"]
[Date "2024.03.16"]
[Round "2.30"]
[White "Haldorsen, Benjamin"]
[Black "Ornolfsson, Magnus P."]
[WhiteElo "2426"]
[BlackElo "2163"]
[Result "1-0"]
[EventDate "2024.03.15"]
[PlyCount "164"]

1. Nf3 {[%eval 2,0]} d5 {[%eval 2,0]} 2. d4 {[%eval 1,0]} Nf6 {[%eval 24,0]} 3.
c4 {[%eval 0,0]} e6 {[%eval 12,0]} 4. g3 {[%eval 7,0]} Be7 {[%eval 22,0]} 5.
Bg2 {[%eval 17,0]} O-O {[%eval 18,0]} 6. Nc3 {[%eval 0,0]} a5 {[%eval 21,0]} 7.
O-O {[%eval 25,0]} c6 {[%eval 34,0]} 8. Re1 {[%eval 31,0]} Nbd7 {[%eval 27,0]}
9. Nd2 {[%eval 23,0]} b5 {[%eval 31,0]} 10. cxb5 {[%eval 4,0]} cxb5 {[%eval 39,
0]} 11. Nxb5 {[%eval 35,0]} Qb6 {[%eval 46,0]} 12. a4 {[%eval 35,0]} Ba6 {
[%eval 43,0]} 13. e4 {[%eval 43,0]} dxe4 {[%eval 89,0]} 14. Nxe4 {[%eval 35,0]}
Nxe4 {[%eval 35,0]} 15. Bxe4 {[%eval 38,0]} Rad8 {[%eval 42,0]} 16. Qe2 {
[%eval 29,0]} Nf6 {[%eval 19,0]} 17. Bg2 {[%eval 8,0]} Nd5 {[%eval 44,0]} 18.
Bd2 {[%eval 44,0]} Rd7 {[%eval 51,0]} 19. Rac1 {[%eval 45,0]} Rb8 {[%eval 49,0]
} 20. Red1 {[%eval 3,0]} Bxb5 {[%eval 2,0]} 21. axb5 {[%eval 0,0]} Qxb5 {
[%eval 2,0]} 22. Qxb5 {[%eval 0,0]} Rxb5 {[%eval 3,0]} 23. Bf1 {[%eval 1,0]}
Rxb2 {[%eval 9,0]} 24. Bxa5 {[%eval 13,0]} g6 {[%eval 7,0]} 25. h4 {[%eval 8,0]
} Kg7 {[%eval 12,0]} 26. Bg2 {[%eval 11,0]} Ra2 {[%eval 4,0]} 27. Be1 {[%eval
6,0]} Bf6 {[%eval 8,0]} 28. Bf3 {[%eval 2,0]} h5 {[%eval 6,0]} 29. Rd3 {
[%eval 11,0]} Ra4 {[%eval 1,0]} 30. Rcd1 {[%eval 11,0]} Ne7 {[%eval 11,0]} 31.
Bc3 {[%eval 8,0]} Rc4 {[%eval 9,0]} 32. Ba1 {[%eval 11,0]} Ra7 {[%eval 7,0]}
33. Bb2 {[%eval 14,0]} Ra2 {[%eval 9,0]} 34. Bc3 {[%eval 32,0]} Nf5 {[%eval 32,
0]} 35. Be4 {[%eval 33,0]} Nd6 {[%eval 25,0]} 36. Bf3 {[%eval 34,0]} Nb5 {
[%eval 28,0]} 37. Bd2 {[%eval 28,0]} Nxd4 {[%eval 29,0]} 38. Bg2 {[%eval 35,0]}
Rac2 {[%eval 36,0]} 39. Be3 {[%eval 55,0]} Nf5 {[%eval 37,0]} 40. Bd2 {[%eval
5,0]} Ra4 {[%eval 29,0]} 41. Bh3 {[%eval 37,0]} Nd4 {[%eval 31,0]} 42. Be3 {
[%eval 33,0]} Nf3+ {[%eval 18,0]} 43. Kf1 {[%eval 28,0]} Ne5 {[%eval 21,0]} 44.
Rb3 $6 {[%eval -74,0] Inaccuracy. R3d2 was best.} (44. Rc3) (44. R3d2) 44...
Nc4 {[%eval -96,0]} 45. Rd7 {[%eval -62,0]} Ra6 $2 {[%eval 2,0] Mistake. Raa2
was best.} (45... Raa2 46. Bxe6 Nxe3+ 47. Rxe3 Rxf2+ 48. Kg1 Rg2+ 49. Kh1 Rh2+
50. Kg1 Rag2+ 51. Kf1 Rb2 52. Kg1) 46. Kg1 {[%eval 21,0]} Rb2 {[%eval 1,0]} 47.
Rxb2 {[%eval 9,0]} Bxb2 {[%eval 7,0]} 48. Bc5 {[%eval 12,0]} Rc6 {[%eval 13,0]}
49. Ba7 {[%eval 16,0]} Bf6 {[%eval 13,0]} 50. Bg2 {[%eval 9,0]} Ra6 {[%eval 11,
0]} 51. Bf1 {[%eval 1,0]} Ra1 {[%eval 15,0]} 52. Kg2 {[%eval 8,0]} Ne5 {
[%eval 8,0]} 53. Rc7 {[%eval 16,0]} Rd1 {[%eval 8,0]} 54. Bb5 {[%eval 11,0]}
Rd5 {[%eval 8,0]} 55. Rb7 {[%eval 8,0]} Be7 {[%eval 7,0]} 56. Be8 {[%eval 13,0]
} Kf8 {[%eval 8,0]} 57. Ba4 {[%eval 11,0]} Bd6 {[%eval 9,0]} 58. Be3 {[%eval
16,0]} Ng4 {[%eval 12,0]} 59. Ba7 {[%eval 42,0]} Bc5 {[%eval 42,0]} 60. Bb3 {
[%eval 41,0]} Rf5 {[%eval 47,0]} 61. Bxc5+ {[%eval 54,0]} Rxc5 {[%eval 42,0]}
62. Bd1 {[%eval 46,0]} Ne5 {[%eval 53,0]} 63. Rb2 {[%eval 29,0]} Kg7 {[%eval
57,0]} 64. Ra2 {[%eval 38,0]} Rc3 {[%eval 58,0]} 65. Be2 {[%eval 48,0]} Nc6 {
[%eval 53,0]} 66. Bf1 {[%eval 34,0]} Nd4 {[%eval 46,0]} 67. Be2 {[%eval 33,0]}
e5 {[%eval 48,0]} 68. Bf1 {[%eval 34,0]} Nf5 {[%eval 29,0]} 69. Be2 {[%eval 4,
0]} e4 {[%eval 46,0]} 70. Rd2 {[%eval 47,0]} e3 {[%eval 14,0]} 71. fxe3 {
[%eval 14,0]} Rxe3 {[%eval 14,0]} 72. Bf3 {[%eval 11,0]} Rc3 {[%eval 16,0]} 73.
Kf2 {[%eval 15,0]} Kh6 {[%eval 16,0]} 74. Ra2 {[%eval 14,0]} f6 {[%eval 15,0]}
75. Rb2 {[%eval 15,0]} Ra3 {[%eval 16,0]} 76. Kg2 {[%eval 16,0]} Ne3+ {[%eval
16,0]} 77. Kf2 {[%eval 15,0]} Nc4 {[%eval 16,0]} 78. Rc2 {[%eval 17,0]} Ne5 {
[%eval 12,0]} 79. Be2 {[%eval 13,0]} f5 {[%eval 13,0]} 80. Rb2 {[%eval 12,0]}
Nd7 {[%eval 13,0]} 81. Bf3 {[%eval 15,0]} Nc5 {[%eval 15,0]} 82. Rc2 $4 {
[%eval -399,0] Blunder. Re2 was best.} (82. Re2 Kg7 83. Re3 Ra6 84. Re8 Ra2+
85. Re2 Nd3+ 86. Kg2 Ra4 87. Re3 Rd4 88. Re8 Rd6) 82... Nd3+ {[%eval -378,0]}
1-0

[Event "37th Reykjavik op"]
[Site "Reykjavik ISL"]
[Date "2024.03.16"]
[Round "2.31"]
[White "Johannsson, Birkir Isak"]
[Black "Salimova, Nurgyul"]
[WhiteElo "2161"]
[BlackElo "2426"]
[Result "0-1"]
[EventDate "2024.03.15"]
[PlyCount "60"]

1. e4 {[%eval 13,0]} Nc6 {[%eval 51,0]} 2. Nf3 {[%eval 21,0]} d6 {[%eval 71,0]}
3. d4 {[%eval 79,0]} Nf6 {[%eval 62,0]} 4. Nc3 {[%eval 54,0]} g6 {[%eval 96,0]}
5. d5 $6 {[%eval 33,0] Inaccuracy. Be3 was best.} (5. Be3 Bg7 6. Qd2 O-O 7. d5
Nb8 8. Bh6 c6 9. h3 b5) 5... Nb8 {[%eval 92,0]} 6. Be3 {[%eval 64,0]} Bg7 {
[%eval 87,0]} 7. Qd2 {[%eval 8,0]} O-O {[%eval 65,0]} 8. Bh6 {[%eval 95,0]} c6
{[%eval 9,0]} 9. h3 {[%eval 53,0]} a6 {[%eval 108,0]} 10. O-O-O {[%eval 82,0]}
b5 {[%eval 75,0]} 11. Bxg7 {[%eval 85,0]} Kxg7 {[%eval 9,0]} 12. dxc6 $6 {
[%eval 0,0] Inaccuracy. g4 was best.} (12. g4 b4 13. Ne2 Qa5 14. g5 Nh5 15. Kb1
cxd5 16. exd5 Nd7 17. Bg2 Bb7 18. Nfd4 Nb6) 12... Nxc6 {[%eval 14,0]} 13. e5 $6
{[%eval 56,0] Inaccuracy. g4 was best.} (13. g4 b4) 13... dxe5 {[%eval 56,0]}
14. Qxd8 {[%eval 53,0]} Rxd8 {[%eval 51,0]} 15. Rxd8 {[%eval 55,0]} Nxd8 {
[%eval 5,0]} 16. Nxe5 {[%eval 5,0]} Bb7 {[%eval 56,0]} 17. Rg1 {[%eval 53,0]}
Ne6 {[%eval 51,0]} 18. g3 {[%eval 64,0]} Rc8 {[%eval 64,0]} 19. a3 {[%eval 68,
0]} Nd4 {[%eval 74,0]} 20. Bg2 {[%eval -93,0]} Bxg2 {[%eval 71,0]} 21. Rxg2 {
[%eval 53,0]} a5 {[%eval 63,0]} 22. f4 {[%eval 68,0]} b4 {[%eval 78,0]} 23.
axb4 {[%eval 84,0]} axb4 {[%eval 8,0]} 24. Nb1 $4 {[%eval -106,0] Blunder. Rd2
was best.} (24. Rd2 Nf5 25. Ne2 b3 26. c3 Ne4 27. Rd7 f6 28. Nf3 Kf7 29. Rb7
Ra8 30. Kb1 Rd8) 24... Nd5 {[%eval -195,0]} 25. Rf2 {[%eval -162,0]} Ne3 {
[%eval -198,0]} 26. Kd2 {[%eval -193,0]} Ndxc2 {[%eval -176,0]} 27. Re2 $6 {
[%eval -264,0] Inaccuracy. Ke2 was best.} (27. Ke2 f6 28. Nd3 Nf5 29. g4 Nfd4+
30. Kd2 Kf7 31. Nc3 Rc4 32. Na2 Nb3+ 33. Kd1 Ne3+) 27... Nf1+ {[%eval -399,0]}
28. Kd3 {[%eval -395,0]} b3 {[%eval -385,0]} 29. Nd2 {[%eval -483,0]} Nxg3 {
[%eval -499,0]} 30. Rg2 $6 {[%eval -697,0] Inaccuracy. Rf2 was best.} (30. Rf2
Nb4+ 31. Ke3 Nf5+ 32. Kf3 f6 33. Nec4 Rd8 34. Ne3 Rd3 35. Ndc4 Nxe3 36. Nxe3
Nc2) 30... Ne1+ {[%eval -518,0]} 0-1

[Event "37th Reykjavik op"]
[Site "Reykjavik ISL"]
[Date "2024.03.16"]
[Round "2.32"]
[White "Mai, Alexander Oliver"]
[Black "Katz, Alexander"]
[WhiteElo "2160"]
[BlackElo "2418"]
[Result "0-1"]
[EventDate "2024.03.15"]
[PlyCount "81"]

1. e4 {[%eval 13,0]} e5 {[%eval 17,0]} 2. Nf3 {[%eval 21,0]} Nc6 {[%eval 13,0]}
3. Bb5 {[%eval 21,0]} a6 {[%eval 2,0]} 4. Ba4 {[%eval 31,0]} Nf6 {[%eval 14,0]}
5. O-O {[%eval 24,0]} Be7 {[%eval 19,0]} 6. Re1 {[%eval 46,0]} b5 {[%eval 33,0]
} 7. Bb3 {[%eval 35,0]} d6 {[%eval 28,0]} 8. c3 {[%eval 39,0]} O-O {[%eval 47,
0]} 9. h3 {[%eval 5,0]} Nb8 {[%eval 56,0]} 10. d4 {[%eval 48,0]} Nbd7 {[%eval
48,0]} 11. Nbd2 {[%eval 45,0]} Bb7 {[%eval 45,0]} 12. Bc2 {[%eval 47,0]} Re8 {
[%eval 52,0]} 13. Nf1 {[%eval 42,0]} Bf8 {[%eval 43,0]} 14. Ng3 {[%eval 45,0]}
g6 {[%eval 52,0]} 15. a4 {[%eval 54,0]} c5 {[%eval 51,0]} 16. d5 {[%eval 5,0]}
c4 {[%eval 5,0]} 17. Be3 {[%eval 54,0]} Qc7 {[%eval 53,0]} 18. Nh2 {[%eval 56,
0]} h5 {[%eval 48,0]} 19. Nf3 {[%eval 43,0]} Nc5 {[%eval 36,0]} 20. Qd2 {
[%eval 42,0]} Rab8 {[%eval 52,0]} 21. Ra3 {[%eval 4,0]} bxa4 {[%eval 71,0]} 22.
Bxc5 {[%eval 61,0]} Qxc5 {[%eval 64,0]} 23. Bxa4 $6 {[%eval 5,0] Inaccuracy.
Rea1 was best.} (23. Rea1) 23... Red8 {[%eval 56,0]} 24. Rea1 {[%eval 34,0]}
Be7 {[%eval 78,0]} 25. Qe2 {[%eval 84,0]} Rdc8 {[%eval 73,0]} 26. R1a2 $6 {
[%eval 0,0] Inaccuracy. Nf1 was best.} (26. Nf1 a5) 26... Bd8 {[%eval 16,0]}
27. Nf1 {[%eval 12,0]} h4 {[%eval 66,0]} 28. N3d2 {[%eval 26,0]} Nh5 $2 {
[%eval 109,0] Mistake. a5 was best.} (28... a5) 29. Ne3 {[%eval 181,0]} Nf4 {
[%eval 200,0]} 30. Qxc4 {[%eval 182,0]} Qa7 {[%eval 209,0]} 31. Qf1 {[%eval
203,0]} a5 {[%eval 205,0]} 32. Bb5 {[%eval 262,0]} Ba8 {[%eval 282,0]} 33. Ba6
{[%eval 251,0]} Rc5 {[%eval 278,0]} 34. Nb3 {[%eval 296,0]} Bb6 $6 {[%eval 377,
0] Inaccuracy. Rxb3 was best.} (34... Rxb3 35. Rxb3 Bb6 36. Rba3 Bb7 37. Bc4
Qb8 38. Qe1 Qd8 39. Bf1 Kg7 40. c4 Rc7 41. Rxa5) 35. Nxc5 {[%eval 379,0]} Bxc5
{[%eval 387,0]} 36. Rxa5 {[%eval 308,0]} Bxe3 {[%eval 406,0]} 37. Bc4 {[%eval
437,0]} Bxf2+ {[%eval 507,0]} 38. Qxf2 {[%eval 505,0]} Qb7 {[%eval 609,0]} 39.
Rb5 {[%eval 606,0]} Qc8 {[%eval 624,0]} 40. Rxb8 {[%eval 624,0]} Qxb8 41. Qa7
0-1

[Event "37th Reykjavik op"]
[Site "Reykjavik ISL"]
[Date "2024.03.16"]
[Round "2.33"]
[White "Garifullina, Leya"]
[Black "Pujari, Rucha"]
[WhiteElo "2413"]
[BlackElo "2147"]
[Result "1-0"]
[EventDate "2024.03.15"]
[PlyCount "96"]

1. Nf3 {[%eval 2,0]} Nf6 {[%eval 29,0]} 2. c4 {[%eval 22,0]} e6 {[%eval 22,0]}
3. Nc3 {[%eval 31,0]} d5 {[%eval 19,0]} 4. d4 {[%eval 0,0]} Be7 {[%eval 0,0]}
5. Bg5 {[%eval 0,0]} h6 {[%eval 16,0]} 6. Bh4 {[%eval 13,0]} dxc4 {[%eval 37,0]
} 7. e3 {[%eval 22,0]} c5 {[%eval 24,0]} 8. dxc5 {[%eval 21,0]} Qxd1+ {[%eval
2,0]} 9. Rxd1 {[%eval 6,0]} Nbd7 {[%eval 14,0]} 10. Bxc4 {[%eval 5,0]} Nxc5 {
[%eval 7,0]} 11. Ne5 {[%eval 15,0]} a6 {[%eval 12,0]} 12. a3 {[%eval 28,0]} b5
{[%eval 17,0]} 13. Ba2 {[%eval 41,0]} Bb7 {[%eval 24,0]} 14. f3 {[%eval 24,0]}
Rc8 {[%eval 21,0]} 15. Bf2 {[%eval 24,0]} Ncd7 {[%eval 2,0]} 16. Nxd7 {[%eval
25,0]} Nxd7 {[%eval 35,0]} 17. Rc1 {[%eval 29,0]} Bf6 {[%eval 21,0]} 18. Ke2 {
[%eval 26,0]} Nb6 {[%eval 14,0]} 19. Rc2 {[%eval 59,0]} Na4 {[%eval 78,0]} 20.
Rhc1 {[%eval 94,0]} Nxb2 $6 {[%eval 11,0] Inaccuracy. Nxc3+ was best.} (20...
Nxc3+ 21. bxc3) 21. Ne4 $6 {[%eval 66,0] Inaccuracy. Be1 was best.} (21. Be1
Nc4 22. Ne4 Bxe4 23. fxe4 Be5 24. Bxc4 bxc4 25. Rxc4 Kd7 26. Rd1+ Ke7 27. Rdc1
Rxc4) 21... Rxc2+ {[%eval 69,0]} 22. Rxc2 {[%eval 63,0]} Bxe4 {[%eval 57,0]}
23. Rc8+ {[%eval 86,0]} Bd8 {[%eval 82,0]} 24. fxe4 {[%eval 76,0]} Na4 {
[%eval 82,0]} 25. Be1 $6 {[%eval -21,0] Inaccuracy. Kf3 was best.} (25. Kf3 O-O
26. Rc6 a5 27. Be1 Be7 28. Ra6 Rc8 29. Rxe6 Bxa3 30. Ra6 Bb4 31. Bxb4 axb4)
25... Kd7 {[%eval -195,0]} 26. Ra8 {[%eval -195,0]} Kc6 {[%eval -7,0]} 27. Ba5
$6 {[%eval -127,0] Inaccuracy. Rc8+ was best.} (27. Rc8+ Kb7 28. Rc1 Be7 29.
Ba5 Rc8 30. Rf1 Bf6 31. Kd2 Rc5 32. Bb3 Nb6 33. e5 Rxe5) 27... Bxa5 {[%eval
-133,0]} 28. Rxh8 {[%eval -143,0]} Nc3+ {[%eval -179,0]} 29. Kd3 {[%eval -143,
0]} Nxa2 {[%eval -147,0]} 30. Rf8 {[%eval -178,0]} Bc3 {[%eval -184,0]} 31.
Rxf7 {[%eval -165,0]} Bf6 {[%eval -188,0]} 32. Ra7 $6 {[%eval -107,0]
Inaccuracy. Kc2 was best.} (32. Kc2 a5 33. Ra7 Kb6 34. Rd7 b4 35. Rd6+ Kc5 36.
Ra6 bxa3 37. Kb3 Kb5 38. Rxe6 Nc1+) 32... Kb6 {[%eval -115,0]} 33. Rd7 {
[%eval -191,0]} b4 {[%eval -138,0]} 34. axb4 $6 {[%eval -295,0] Inaccuracy.
Rd6+ was best.} (34. Rd6+ Kb5 35. a4+ Ka5 36. Kc2 Nc3 37. Rxe6 Nxa4 38. e5 b3+
39. Kb1 Bg5 40. Rg6 Nc3+) 34... Nxb4+ {[%eval -256,0]} 35. Ke2 $6 {[%eval -343,
0] Inaccuracy. Kc4 was best.} (35. Kc4 Nc6 36. Rd6 Kc7 37. Rd1 Na5+ 38. Kb4 Nb7
39. g4 Kc6 40. Rc1+ Kb6 41. Rc8 Nd6) 35... Nc6 {[%eval -373,0]} 36. Rd6 {
[%eval -331,0]} Kc7 $6 {[%eval -231,0] Inaccuracy. a5 was best.} (36... a5 37.
Rxe6 a4 38. Rd6 a3 39. Rd2 Kb5 40. Rd3 Kb4 41. Rxa3 Kxa3 42. Kf1 Kb4 43. Kf2)
37. e5 {[%eval -232,0]} Bxe5 {[%eval -231,0]} 38. Rxe6 {[%eval -295,0]} Bxh2 {
[%eval -259,0]} 39. Re4 {[%eval -206,0]} Kb6 {[%eval -225,0]} 40. Kd3 {[%eval
-234,0]} Kb5 {[%eval -294,0]} 41. Rh4 {[%eval -203,0]} Be5 {[%eval -225,0]} 42.
Rh1 {[%eval -335,0]} a5 {[%eval -347,0]} 43. Ke4 {[%eval -334,0]} Bf6 {[%eval
-393,0]} 44. Kd5 {[%eval -478,0]} a4 {[%eval -486,0]} 45. e4 {[%eval -477,0]}
a3 {[%eval -486,0]} 46. Rc1 {[%eval -409,0]} Nb4+ {[%eval -452,0]} 47. Kd6 {
[%eval -412,0]} a2 {[%eval -435,0]} 48. Rc5+ {[%eval -458,0]} Kb6 1-0

[Event "37th Reykjavik op"]
[Site "Reykjavik ISL"]
[Date "2024.03.16"]
[Round "2.34"]
[White "Duong, Thanh Nha"]
[Black "Jin, Yueheng"]
[WhiteElo "2144"]
[BlackElo "2404"]
[Result "0-1"]
[EventDate "2024.03.15"]
[PlyCount "83"]

1. d4 {[%eval 15,0]} Nf6 {[%eval 16,0]} 2. c4 {[%eval 16,0]} g6 {[%eval 37,0]}
3. Nc3 {[%eval 31,0]} Bg7 {[%eval 7,0]} 4. e4 {[%eval 67,0]} d6 {[%eval 53,0]}
5. Be2 {[%eval 13,0]} O-O {[%eval 45,0]} 6. h4 {[%eval 0,0]} c5 {[%eval 3,0]}
7. d5 {[%eval 15,0]} h5 {[%eval 64,0]} 8. Nf3 {[%eval 58,0]} Bg4 {[%eval 8,0]}
9. O-O {[%eval 82,0]} Nbd7 {[%eval 76,0]} 10. Bg5 {[%eval 58,0]} a6 {[%eval 55,
0]} 11. a4 {[%eval 53,0]} Qb6 {[%eval 74,0]} 12. Ra3 {[%eval 69,0]} e6 {
[%eval 96,0]} 13. Rb3 {[%eval 82,0]} Qc7 {[%eval 95,0]} 14. dxe6 {[%eval 103,0]
} fxe6 {[%eval 108,0]} 15. Qd2 $6 {[%eval 1,0] Inaccuracy. Bxf6 was best.} (15.
Bxf6 Bxf6 16. Ng5 Bxe2 17. Nxe2 Bxg5 18. hxg5 Ne5 19. f4 Ng4 20. Qd2 Rad8 21.
a5 d5) 15... Bxf3 {[%eval 8,0]} 16. Bxf3 {[%eval 3,0]} Ne5 {[%eval 3,0]} 17.
Be2 {[%eval 3,0]} Nc6 {[%eval 4,0]} 18. Be3 {[%eval 36,0]} Ng4 {[%eval 0,0]}
19. Bxg4 {[%eval 0,0]} hxg4 {[%eval 0,0]} 20. Qe2 {[%eval 0,0]} g3 {[%eval 0,0]
} 21. fxg3 {[%eval 0,0]} Rxf1+ {[%eval 0,0]} 22. Qxf1 {[%eval 0,0]} Rf8 {
[%eval 0,0]} 23. Qe2 {[%eval 0,0]} Bd4 {[%eval 4,0]} 24. Nd1 {[%eval 8,0]} d5
$4 {[%eval 207,0] Blunder. Ne5 was best.} (24... Ne5) 25. Kh2 $4 {[%eval 18,0]
Blunder. exd5 was best.} (25. exd5 exd5 26. cxd5 Qf7 27. Kh2 b5 28. axb5 Qxd5
29. bxc6 Qxb3 30. Bf4 Qd5 31. Qxa6 Qe6) 25... Na5 {[%eval 21,0]} 26. Rd3 {
[%eval 27,0]} dxe4 {[%eval 32,0]} 27. Rxd4 {[%eval 4,0]} cxd4 {[%eval 2,0]} 28.
Bxd4 {[%eval 21,0]} Nc6 $6 {[%eval 38,0] Inaccuracy. e5 was best.} (28... e5
29. Bc3 Nxc4 30. Qxe4 Qc6 31. Qd3 Rf7 32. Qe2 Re7 33. Nf2 Nd6 34. Ng4 Nf7 35.
a5) 29. Bc3 {[%eval 4,0]} Qf7 {[%eval 48,0]} 30. Qxe4 {[%eval 5,0]} Qf5 {
[%eval 0,0]} 31. Qe3 {[%eval 13,0]} e5 {[%eval 0,0]} 32. b4 {[%eval 16,0]} Rd8
$6 {[%eval 48,0] Inaccuracy. g5 was best.} (32... g5 33. b5 Nd4 34. Bxd4 exd4
35. Qxd4 gxh4 36. Ne3 hxg3+ 37. Kxg3 Qg6+ 38. Ng4 Qe6 39. bxa6) 33. Nf2 {
[%eval 58,0]} Nd4 $6 {[%eval 163,0] Inaccuracy. g5 was best.} (33... g5) 34.
Ne4 {[%eval 166,0]} Nc2 $4 {[%eval 404,0] Blunder. Ne6 was best.} (34... Ne6
35. Qb6) 35. Qb6 {[%eval 435,0]} Rf8 {[%eval 462,0]} 36. Ng5 {[%eval 437,0]}
Nd4 $6 {[%eval 609,0] Inaccuracy. Re8 was best.} (36... Re8 37. b5 axb5 38.
axb5 Kf8 39. Qxb7 Re7 40. Qb6 Kg7 41. Qc5 Qf6 42. Nf3 Qe6 43. Nxe5) 37. Qxb7 {
[%eval 585,0]} Rc8 {[%eval 571,0]} 38. c5 {[%eval 505,0]} Ne2 $4 {[%eval 32760,
0] Checkmate is now unavoidable. Kf8 was best.} (38... Kf8 39. Qxa6 Re8 40. b5
Ne6 41. Qd6+ Kg8 42. Qd7 Nxg5 43. Qxe8+ Kh7 44. Qe7+ Nf7 45. c6) 39. Qd5+ $2 {
[%eval 771,0] Lost forced checkmate sequence. Bxe5 was best.} (39. Bxe5 Rc7 40.
Qxc7 Qh3+ 41. gxh3 Kf8 42. Qd8#) 39... Kf8 {[%eval 767,0]} 40. Bxe5 {[%eval
696,0]} Re8 $4 {[%eval 32686,0] Checkmate is now unavoidable. Nc3 was best.} (
40... Nc3 41. Bd6+ Ke8 42. Qg8+ Kd7 43. Qg7+ Kc6 44. Qxc3 Rd8 45. b5+ axb5 46.
axb5+ Kxb5 47. Qb3+) 41. Bd6+ {[%eval 909,0]} Kg7 $2 {[%eval 32760,0]
Checkmate is now unavoidable. Re7 was best.} (41... Re7 42. Qb7 Qf6 43. Bxe7+
Qxe7 44. c6 Nxg3 45. Qb8+ Qe8 46. c7 Nf5 47. Qxe8+ Kxe8 48. c8=Q+) 42. Qb7+ {
[%eval 32762,0]} 0-1

[Event "37th Reykjavik op"]
[Site "Reykjavik ISL"]
[Date "2024.03.16"]
[Round "2.35"]
[White "Thorfinnsson, Bragi"]
[Black "Bergsson, Stefan"]
[WhiteElo "2397"]
[BlackElo "2144"]
[Result "1-0"]
[EventDate "2024.03.15"]
[PlyCount "118"]

1. d4 {[%eval 15,0]} Nf6 {[%eval 16,0]} 2. c4 {[%eval 16,0]} e6 {[%eval 21,0]}
3. g3 {[%eval 14,0]} d5 {[%eval 16,0]} 4. Nf3 {[%eval 7,0]} Bb4+ {[%eval 17,0]}
5. Bd2 {[%eval 9,0]} a5 {[%eval 3,0]} 6. Bg2 {[%eval 15,0]} O-O {[%eval 56,0]}
7. O-O $6 {[%eval 0,0] Inaccuracy. Qc2 was best.} (7. Qc2 b6 8. O-O Bb7 9. a3
Bxd2 10. Nfxd2 Na6 11. cxd5 Bxd5) 7... dxc4 {[%eval 0,0]} 8. Ne5 $6 {[%eval 76,
0] Inaccuracy. Qc2 was best.} (8. Qc2 Bxd2 9. Nbxd2 b5 10. Ne5 Ra7 11. a4 Qxd4
12. Ndf3 Qb6) 8... Qxd4 {[%eval 81,0]} 9. Bxb4 {[%eval 79,0]} Qxd1 {[%eval 9,0]
} 10. Rxd1 {[%eval 9,0]} axb4 {[%eval 78,0]} 11. Nxc4 {[%eval 9,0]} Nbd7 {
[%eval 45,0]} 12. Nbd2 {[%eval 44,0]} Ra7 {[%eval 37,0]} 13. Nb3 {[%eval 47,0]}
c5 {[%eval 4,0]} 14. Nd6 {[%eval 16,0]} b6 {[%eval 3,0]} 15. Nb5 {[%eval 6,0]}
Ra4 {[%eval 19,0]} 16. Nc7 $6 {[%eval -99,0] Inaccuracy. Nd6 was best.} (16.
Nd6 g5 17. Nd2 Ne5 18. f4 gxf4 19. gxf4 Ng6 20. N2c4 Ra7 21. Nxb6 Ba6 22. e3
Nh4) 16... Ne5 {[%eval 85,0]} 17. Nc1 $6 {[%eval -14,0] Inaccuracy. Na8 was
best.} (17. Na8 Ra6) 17... Ra7 {[%eval -27,0]} 18. Nb5 {[%eval -29,0]} Rd7 {
[%eval -36,0]} 19. Rxd7 {[%eval -27,0]} (19. Rd4 Rd6 20. Rxd6 Bd7) 19... Bxd7 {
[%eval -41,0]} 20. Nd6 {[%eval -32,0]} Ne8 {[%eval -71,0]} 21. Ne4 {[%eval -34,
0]} Nc4 {[%eval -31,0]} 22. Nd3 {[%eval -33,0]} Bb5 {[%eval -16,0]} 23. a4 {
[%eval -24,0]} bxa3 {[%eval -27,0]} 24. bxa3 {[%eval -33,0]} Ned6 $2 {[%eval
34,0] Mistake. Bc6 was best.} (24... Bc6 25. Nd2 Nxd2 26. Bxc6 Nc4 27. Rd1 Nf6
28. Rc1 Na5 29. Bb5 Ra8 30. Ne5 Kf8 31. Bd3) 25. a4 $6 {[%eval -98,0]
Inaccuracy. Nxd6 was best.} (25. Nxd6 Nxd6) 25... Nxe4 {[%eval -97,0]} 26. Bxe4
{[%eval -91,0]} Bd7 {[%eval 95,0]} 27. a5 {[%eval -96,0]} Nd2 $6 {[%eval 0,0]
Inaccuracy. f5 was best.} (27... f5 28. Bf3 Nxa5 29. Nxc5 bxc5 30. Rxa5 Rc8 31.
e3 c4 32. Bd1 c3 33. Bc2 Be8 34. f3) 28. Bb7 $6 {[%eval 69,0] Inaccuracy. Ne5
was best.} (28. Ne5 Bb5 29. Bc6 Bxc6 30. Nxc6 bxa5 31. Rxa5 Nb3 32. Rb5 c4 33.
Rb4 Nd2 34. Rb2 Ne4) 28... Nb3 {[%eval 85,0]} 29. Ra3 {[%eval 81,0]} Nxa5 {
[%eval 86,0]} 30. Nxc5 {[%eval 88,0]} Nc4 {[%eval 95,0]} 31. Rc3 {[%eval 94,0]}
bxc5 {[%eval -88,0]} 32. Rxc4 {[%eval -81,0]} Rb8 {[%eval -95,0]} 33. Bf3 {
[%eval -56,0]} Rc8 $6 {[%eval 55,0] Inaccuracy. Rb5 was best.} (33... Rb5) 34.
Kf1 {[%eval 54,0]} Kf8 {[%eval 51,0]} 35. Ke1 {[%eval 47,0]} Ke7 {[%eval 51,0]}
36. Kd2 {[%eval 53,0]} Kd6 {[%eval 46,0]} 37. Rc2 {[%eval 36,0]} Rb8 {[%eval
25,0]} 38. Kc3 {[%eval 47,0]} Bc6 {[%eval 37,0]} 39. Rd2+ $2 {[%eval -33,0]
Mistake. Bxc6 was best.} (39. Bxc6 Kxc6 40. Ra2 g6 41. f3 h5 42. Ra7 Rb7 43.
Ra8 Kd5 44. Rd8+ Ke5 45. Rc8 Kd6) 39... Kc7 $2 {[%eval 33,0] Mistake. Bd5 was
best.} (39... Bd5 40. Bg2 f5 41. Bxd5 exd5 42. Ra2 d4+ 43. Kc4 Rb4+ 44. Kd3
Rb3+ 45. Kc2 Rb7 46. h4) 40. Bxc6 {[%eval 42,0]} Kxc6 {[%eval 4,0]} 41. Ra2 {
[%eval 41,0]} h5 {[%eval 45,0]} 42. e3 $6 {[%eval -72,0] Inaccuracy. h4 was
best.} (42. h4 Rb7) 42... g5 {[%eval 96,0]} 43. h3 {[%eval -94,0]} Rb1 $6 {
[%eval 32,0] Inaccuracy. g4 was best.} (43... g4) 44. Ra7 {[%eval 26,0]} Rb7 {
[%eval 22,0]} 45. Ra4 $6 {[%eval -96,0] Inaccuracy. Ra8 was best.} (45. Ra8 Rb1
46. Rh8 Rf1 47. Rxh5 g4 48. hxg4 Rxf2 49. Kc4 Rc2+ 50. Kd3 Rg2 51. Rh7 f6)
45... f5 $6 {[%eval 39,0] Inaccuracy. Rd7 was best.} (45... Rd7 46. g4 h4 47.
Ra8 Kd5 48. f3 f6 49. Rf8 Ke5 50. Kc4 Rd2 51. f4+ gxf4 52. exf4+) 46. h4 $4 {
[%eval -228,0] Blunder. Ra8 was best.} (46. Ra8) 46... g4 {[%eval -254,0]} 47.
e4 {[%eval -227,0]} Kb5 {[%eval -256,0]} 48. Kb3 $6 {[%eval -356,0] Inaccuracy.
Ra8 was best.} (48. Ra8 fxe4 49. Rh8 Rf7 50. Rxh5 Rxf2 51. Re5 Rf3+ 52. Kd2
Rxg3 53. Rxe4 c4 54. h5 Rh3) 48... Rd7 {[%eval -348,0]} 49. exf5 {[%eval -349,
0]} exf5 {[%eval -356,0]} 50. Ra8 {[%eval -314,0]} Rd3+ {[%eval -308,0]} 51.
Kc2 {[%eval -328,0]} Rf3 {[%eval -325,0]} 52. Rh8 {[%eval -333,0]} Rxf2+ {
[%eval -488,0]} 53. Kd1 {[%eval -488,0]} Kc4 {[%eval -500,0]} 54. Rxh5 {
[%eval -495,0]} Kd3 {[%eval -309,0]} 55. Ke1 {[%eval -466,0]} Rf3 {[%eval -467,
0]} 56. Rh8 {[%eval -477,0]} Rxg3 {[%eval -315,0]} 57. Rf8 {[%eval -467,0]} Ke3
{[%eval -462,0]} 58. Re8+ {[%eval -417,0]} Kf4 {[%eval -495,0]} 59. Rc8 {
[%eval -444,0]} Rc3 {[%eval -448,0]} 1-0